Internacionalizácia a koncentrácia obchodných štruktúr

Internacionalizácia a postupná globalizácia obchodných podnikov je súčasťou celosvetovo sa formujúcej globálnej ekonomiky. Konkrétnym vyjadrením tejto globálnej internacionalizácie je vznik nadnárodných obchodných spoločností, nákupných aliancií a veľkých obchodných reťazcov, ktoré vďaka podnikaniu...

ver descrição completa

Na minha lista:
Detalhes bibliográficos
Autor principal: Matušovičová, Monika, 1967-
Formato: Capítulo de Livro
Idioma:eslovaco
Assuntos:
Tags: Adicionar Tag
Sem tags, seja o primeiro a adicionar uma tag!

MARC

LEADER 00000naa$a2200000$$$4500
001 0093343
005 20240502072035.8
041 0 |a slo 
044 |a SK 
245 1 0 |a Internacionalizácia a koncentrácia obchodných štruktúr  |c Monika Matušovičová 
520 |a Internacionalizácia a postupná globalizácia obchodných podnikov je súčasťou celosvetovo sa formujúcej globálnej ekonomiky. Konkrétnym vyjadrením tejto globálnej internacionalizácie je vznik nadnárodných obchodných spoločností, nákupných aliancií a veľkých obchodných reťazcov, ktoré vďaka podnikaniu na zahraničných trhoch získavajú konkurenčnú výhodu voči podnikom podnikajúcim len na tuzemskom trhu. 
610 2 0 |a obchod 
610 2 0 |a internacionalizácia 
610 2 0 |a koncentrácia 
610 2 0 |a globalizácia 
610 2 0 |a podnik obchodný 
610 2 0 |a spoločnosti nadnárodné 
100 1 |a Matušovičová, Monika, 1967-